000 00823pab a2200181 454500
008 180718b2008 xxu||||| |||| 00| 0 eng d
100 _aSaumya
245 _aCommunalism: narratives in Chhattisgarh
260 _c2008
300 _ap.38-44.
362 _a12 Jan
520 _aThe expansion of the Vanvasi Kalyan Ashram's activities amongst tribals in Chhattisgarh shows the influence of communalism in these areas. The strategies used by the organisation along with other Hindutva outfits in Jashpur, for example, delineate how communalism works to crystallise religious identities by playing upon the socio-political and cultural background there. - Reproduced.
650 _aCommunalism - India - Chhattisgarh
650 _aCommunalism
773 _aEconomic and Political Weekly
908 _aN
909 _a76938
999 _c76938
_d76938